MyGZULibrary

Administrative law in South Africa / (Record no. 8684)

MARC details
000 -LEADER
fixed length control field 01354cam a2200277 a 4500
001 - CONTROL NUMBER
control field 15776203
003 - CONTROL NUMBER IDENTIFIER
control field GZU
005 - DATE AND TIME OF LATEST TRANSACTION
control field 20210524091637.0
008 - FIXED-LENGTH DATA ELEMENTS--GENERAL INFORMATION
fixed length control field 090615s2007 sa b 001 0 eng
010 ## - LIBRARY OF CONGRESS CONTROL NUMBER
LC control number 2009451267
020 ## - INTERNATIONAL STANDARD BOOK NUMBER
International Standard Book Number 9780702176715 (pbk.)
020 ## - INTERNATIONAL STANDARD BOOK NUMBER
International Standard Book Number 0702176710 (pbk.)
040 ## - CATALOGING SOURCE
Original cataloging agency DLC
Transcribing agency DLC
043 ## - GEOGRAPHIC AREA CODE
Geographic area code f-sa---
050 00 - LIBRARY OF CONGRESS CALL NUMBER
Classification number KTL2720
Item number .H64 2007
100 1# - MAIN ENTRY--PERSONAL NAME
Personal name Hoexter, Cora.
245 10 - TITLE STATEMENT
Title Administrative law in South Africa /
Statement of responsibility, etc. by Cora Hoexter.
260 ## - PUBLICATION, DISTRIBUTION, ETC.
Place of publication, distribution, etc. Cape Town :
Name of publisher, distributor, etc. Juta,
Date of publication, distribution, etc. 2007.
300 ## - PHYSICAL DESCRIPTION
Extent xl, 560 p. ;
Dimensions 25 cm.
504 ## - BIBLIOGRAPHY, ETC. NOTE
Bibliography, etc. note Includes bibliographical references and index.
505 0# - FORMATTED CONTENTS NOTE
Formatted contents note ch. 1. Introduction to administrative law -- ch. 2. The control of administrative power -- ch. 3. Judicial review -- ch. 4. Administrative action -- ch. 5. Lawfulness -- ch. 6. Reasonableness -- ch. 7. Procedural fairness -- ch. 8. Reasons -- ch. 9. Standings -- ch. 10. Remedies -- app. 1. Constitutional rights to administrative justice -- app. 2. Promotion of Administrative Justice Act 3 of 2000.
650 #0 - SUBJECT ADDED ENTRY--TOPICAL TERM
Topical term or geographic name entry element Administrative law
Geographic subdivision South Africa.
906 ## - LOCAL DATA ELEMENT F, LDF (RLIN)
a 7
b cbc
c origres
d 2
e ncip
f 20
g y-gencatlg
942 ## - ADDED ENTRY ELEMENTS (KOHA)
Koha item type Books
Edition 2nd
Classification part 2720
Item part HOE
Call number prefix KTL
Call number suffix 2012
Holdings
Withdrawn status Lost status Damaged status Not for loan Collection code Home library Current library Shelving location Date acquired Total Checkouts Full call number Barcode Date last seen Date last checked out Copy number Price effective from Koha item type Inventory number Total Renewals
        Non-fiction Law Library City Campus Library General Stacks 05/24/2021 4 KTL2720 HOE 2012 002555 03/17/2026 03/10/2026 c.1 05/24/2021 Books    
        Non-fiction Law Library Law Library General Stacks 06/14/2021 7 KTL2720 HOE 2013 004675 08/16/2024 02/09/2024 C.2 06/14/2021 Books 004675 11